Aplicación del análisis matemático en la optimización del proceso de recolección y uso de garrafones retornables en la empresa Agua Planeta Azul, S. A. en la ciudad de Santo Domingo, 2016 / (Record no. 14160)
[ view plain ]
| 000 -LEADER | |
|---|---|
| campo de control de longitud fija | 05065nmm a22004457a 4500 |
| 001 - NÚMERO DE CONTROL | |
| campo de control | 51056 |
| 003 - IDENTIFICADOR DE NÚMERO DE CONTROL | |
| campo de control | Biblioteca APEC |
| 005 - FECHA Y HORA DE LA ÚLTIMA TRANSACCIÓN | |
| campo de control | 20251014103517.0 |
| 008 - DATOS DE LONGITUD FIJA--INFORMACIÓN GENERAL | |
| campo de control de longitud fija | 170930b2016 dr ||||| |||| 00| 0 spa d |
| 040 ## - FUENTE DE CATALOGACIÓN | |
| Centro/agencia transcriptor | Biblioteca UNAPEC |
| Centro catalogador/agencia de origen | Biblioteca UNAPEC |
| Lengua de catalogación | spa |
| Normas de descripción | rda |
| 041 ## - CÓDIGO DE IDIOMA | |
| Código de lengua del texto/banda sonora o título independiente | spa |
| 072 ## - CÓDIGO DE CATEGORÍA DE MATERIA | |
| Código de categoría de materia | Facultad de Humanidades |
| 090 ## - LOCALMENTE ASIGNADO TIPO-LC NÚMERO DE CLASIFICACIÓN (OCLC); NÚMERO DE CLASIFICACIÓN LOCAL (RLIN) | |
| Número de clasificación (OCLC) (R) ; Numero de clasificación, CALL (RLIN) (NR) | TPG-CI MAS-01 2016 |
| 100 1# - ENTRADA PRINCIPAL--NOMBRE DE PERSONA | |
| Nombre de persona | Tapia Mora, Francisco Antonio |
| 9 (RLIN) | 15900 |
| Término indicativo de función/relación | autor |
| 245 10 - MENCIÓN DEL TÍTULO | |
| Título | Aplicación del análisis matemático en la optimización del proceso de recolección y uso de garrafones retornables en la empresa Agua Planeta Azul, S. A. en la ciudad de Santo Domingo, 2016 / |
| Mención de responsabilidad, etc. | Francisco Antonio Tapia Mora ; asesor: Ignacio de la Caridad Pérez Yzquierdo |
| 260 ## - PUBLICACIÓN, DISTRIBUCIÓN, ETC. | |
| Lugar de publicación, distribución, etc. | Santo Domingo, DO : |
| Nombre del editor, distribuidor, etc. | Universidad APEC, |
| Fecha de publicación, distribución, etc. | 2016 |
| 300 ## - DESCRIPCIÓN FÍSICA | |
| Extensión | 1 CD ROM |
| 336 ## - TIPO DE CONTENIDO | |
| Término de tipo de contenido | Texto |
| Código de tipo de contenido | txt |
| Fuente | rdacontent |
| 337 ## - TIPO DE MEDIO | |
| Nombre/término del tipo de medio | ordenador |
| Código del tipo de medio | c |
| Fuente | rdamedia |
| 338 ## - TIPO DE SOPORTE | |
| Nombre/término del tipo de soporte | recurso en línea |
| Código del tipo de soporte | cr |
| Fuente | rdacarrier |
| 500 ## - NOTA GENERAL | |
| Nota general | CAMPUS I |
| 500 ## - NOTA GENERAL | |
| Nota general | Tesis en Formato PDF<br/>Tesis en Formato Electrónico<br/>Tesis en Formato Digital |
| 502 ## - NOTA DE TESIS | |
| Nota de tesis | Tesis (Maestría en Matemática Superior) - Universidad APEC, 2016 |
| 505 ## - NOTA DE CONTENIDO CON FORMATO | |
| Nota de contenido con formato | ASPECTOS GENERALES SOBRE LA INDUSTRIA DE AGUA PURIFICADA EMBOTELLADA<br/>- Antecedentes del agua embotellada<br/>- Concepto de agua embotellada<br/>- Concepto de agua para consumo humano<br/>- Definiciones claves del código modelo "IBWA"<br/>- Químicos peligrosos presentes en una planta de embotellado<br/>- Principales parámetros de calidad en el agua embotellada<br/>- Historia de la empresa Agua Planeta Azul, S. A.<br/>PROCESO DE PRODUCCIÓN DE AGUA EMBOTELLADA<br/>- Historia de los procesos<br/>- Concepto de proceso<br/>- Tipos de procesos<br/>- Purificación de agua<br/>- Envasado del producto final<br/>- Distribución o entrega al cliente<br/>- Descripción del proceso de producción en Agua Planeta azul, S. A.<br/>APLICACIÓN DEL ANÁLISIS MATEMÁTICO EN LA OPTIMIZACIÓN DEL PROCESO DE RECOLECCIÓN Y USO DE GARRAFONES RETORNABLES EN LA EMPRESA AGUA PLANETA, S. A.<br/>- Indagatoria sobre la idoneidad de los equipos y materiales utilizados en el proceso de producción<br/>- Evaluación sobre la seguridad del transporte para proteger los garrafones<br/>- Observación sobre la manipulación y uso de los garrafones<br/>- Creación de un modelo que aproxime el comportamiento del costo agregado por concepto de garrafones rechazados<br/>- Determinación de la función de costos totales de operaciones<br/>- Aplicación del análisis matemático para optimizar el proceso de recolección y uso de garrafones retornables<br/>Conclusiones<br/>Recomendaciones |
| 520 ## - RESUMEN, ETC. | |
| Sumario, etc. | RESUMEN:<br/>Este trabajo de investigación fue realizado con el objetivo de crear un modelo que aproxime el comportamiento del costo agregado por concepto de garrafones rechazados, determinar las funciones de costo total operacional, ingresos y utilidades, para luego aplicar el análisis matemático en la optimización del proceso de recolección y uso de garrafones retornables en la empresa Agua Planeta Azul S. A., a fin de determinar qué cantidad debe producir la empresa durante una jornada para obtener la máxima utilidad operativa, en cuantas horas puede la empresa obtener la producción que le genera la máxima utilidad operativa y cuál es la máxima utilidad operativa. A los fines del logro de los objetivos, se realizó una investigación que abarca los aspectos generales de la industria, los procesos en general y específicos del sector agua embotellada, así como de los procesos operacionales de la empresa. Se tomó la producción obtenida por la empresa durante seis días consecutivos y se organizó de menor a mayor, cada una acompañada por su respectiva cantidad de garrafones rechazados, procediendo luego a calcular el costo unitario agregado por concepto de garrafones rechazados durante cada jornada de producción; luego procedimos a graficar los datos para observar su comportamiento, para así poder determinar la función que aproxima dicho costo agregado. Obtenida esta función, procedimos a determinar las funciones de: costo total operacional, ingresos y utilidades, para finalmente aplicar el análisis matemático y optimizar el proceso en cuestión, presentando tanto los aspectos generales de la optimización como ejemplos de aplicación resueltos, para una mejor comprensión por parte del lector. |
| 650 ## - PUNTO DE ACCESO ADICIONAL DE MATERIA--TÉRMINO DE MATERIA | |
| Término de materia o nombre geográfico como elemento de entrada | Análisis matemático |
| 9 (RLIN) | 6014 |
| 650 ## - PUNTO DE ACCESO ADICIONAL DE MATERIA--TÉRMINO DE MATERIA | |
| Término de materia o nombre geográfico como elemento de entrada | Abastecimiento industrial de agua |
| Subdivisión general | Control de la producción |
| 9 (RLIN) | 6015 |
| 650 ## - PUNTO DE ACCESO ADICIONAL DE MATERIA--TÉRMINO DE MATERIA | |
| Término de materia o nombre geográfico como elemento de entrada | Agua embotellada |
| 9 (RLIN) | 6016 |
| 650 ## - PUNTO DE ACCESO ADICIONAL DE MATERIA--TÉRMINO DE MATERIA | |
| Término de materia o nombre geográfico como elemento de entrada | Administración industrial |
| 9 (RLIN) | 13710 |
| 650 ## - PUNTO DE ACCESO ADICIONAL DE MATERIA--TÉRMINO DE MATERIA | |
| Término de materia o nombre geográfico como elemento de entrada | Administración de la producción |
| 9 (RLIN) | 6018 |
| 650 ## - PUNTO DE ACCESO ADICIONAL DE MATERIA--TÉRMINO DE MATERIA | |
| Término de materia o nombre geográfico como elemento de entrada | Control de procesos industriales |
| 9 (RLIN) | 13735 |
| 650 ## - PUNTO DE ACCESO ADICIONAL DE MATERIA--TÉRMINO DE MATERIA | |
| Término de materia o nombre geográfico como elemento de entrada | Investigación operacional |
| 9 (RLIN) | 6020 |
| 650 ## - PUNTO DE ACCESO ADICIONAL DE MATERIA--TÉRMINO DE MATERIA | |
| Término de materia o nombre geográfico como elemento de entrada | Optimización matemática |
| 9 (RLIN) | 6021 |
| 650 ## - PUNTO DE ACCESO ADICIONAL DE MATERIA--TÉRMINO DE MATERIA | |
| Término de materia o nombre geográfico como elemento de entrada | Ingeniería industrial |
| 9 (RLIN) | 13733 |
| 650 ## - PUNTO DE ACCESO ADICIONAL DE MATERIA--TÉRMINO DE MATERIA | |
| Término de materia o nombre geográfico como elemento de entrada | Ingeniería de la producción |
| 9 (RLIN) | 13732 |
| 700 ## - ENTRADA AGREGADA--NOMBRE PERSONAL | |
| Nombre de persona | Pérez Izquierdo, Ignacio de la Caridad |
| Término indicativo de función/relación | asesor |
| 9 (RLIN) | 4328 |
| 856 ## - LOCALIZACIÓN Y ACCESO ELECTRÓNICOS | |
| Identificador Uniforme de Recurso | <a href="https://bibliotecaunapec.blob.core.windows.net/tesis/TPG_CI_MAS_01_2016_ET170294.pdf">https://bibliotecaunapec.blob.core.windows.net/tesis/TPG_CI_MAS_01_2016_ET170294.pdf</a> |
| Texto de enlace | Hacer clic para ver el PDF (1.22 MB). Trabajo de posgrado. |
| 912 ## - | |
| -- | AJRP |
| 942 ## - ELEMENTOS DE ENTRADA SECUNDARIOS (KOHA) | |
| Fuente de la clasificación o esquema de estantería | Clasificación Decimal Dewey |
| Tipo de ítem Koha | |
No items available.